Modern Countries by Their Historical Names - Statistics

General Stats
  • This quiz has been taken 63 times
  • The average score is 16 of 20
Answer Stats
Hint Answer % Correct
Ottoman Empire Turkey
100%
Persia Iran
96%
Siam Thailand
96%
East Pakistan Bangladesh
95%
Burma Myanmar
93%
Yugoslavia Serbia
93%
Dutch East Indies Indonesia
91%
Ceylon Sri Lanka
91%
Bohemia Czech Republic
89%
Zaire DRC
86%
Rhodesia Zimbabwe
86%
British Honduras Belize
82%
Kampuchea Cambodia
79%
Transjordan Jordan
77%
Abyssinia Ethiopia
75%
Gold Coast Ghana
63%
Upper Volta Burkina Faso
55%
Dahomey Benin
54%
Basutoland Lesotho
50%
New Granada Colombia
38%
No matching quizzes found
Score Distribution
Percent of People with Each Score
Percentile by Number Answered
Your Score History
You have not taken this quiz